Úloha mikroekonomickej analýzy pri výbere aktív do portfólia investora diplomová práca

Gespeichert in:
Bibliographische Detailangaben
1. Verfasser: Nemec, Adrián
Körperschaft: Národohospodárska fakulta EU. Katedra bankovníctva a medzinárodných financií
Weitere Verfasser: Gachová, Katarína, 1977-
Format: Buch
Sprache:Slowakisch
Veröffentlicht: Bratislava 2024
Tags: Tag hinzufügen
Keine Tags, Fügen Sie das erste Tag hinzu!

MARC

LEADER 00000nbm a2200000 4500
001 0300654
005 20250527085442.0
041 0 |a slo 
044 |a SK 
245 1 0 |a Úloha mikroekonomickej analýzy pri výbere aktív do portfólia investora  |b diplomová práca  |c Adrián Nemec ; školiteľ: Katarína Gachová 
264 1 |a Bratislava  |c 2024 
300 |a 67 s. 
100 1 |a Nemec, Adrián 
700 1 |a Gachová, Katarína, 1977- 
710 2 |a Národohospodárska fakulta EU. Katedra bankovníctva a medzinárodných financií